000 00624nam a2200217Ia 4500
003 GCL
008 140319s9999 xx 000 0 ara d
040 _aGCL /
_cGCL
082 0 4 _a070.44
_bج م
100 1 _aجلال الدين الحمامصى
245 1 0 _aمن القاتل /
_cجلال الدين الحمامصى
260 _a[S.N] :
_bالمكتب المصرى الحديث
300 _a294 ص
490 _a
650 0 4 _aالصحافة المصرية
650 0 4 _aالصحافة
650 0 4 _aالاعلام
650 0 4 _aتحرير
650 0 4 _aالمقابلات الصحفية
942 _2ddc
_cBK
999 _c34040
_d34040